Tous les maillots du TDF depuis 2015 - Statistiques

Statistiques générales
  • Ce quiz a été pris 198 fois
  • Le résultat moyen est 18 sur 24
Statistiques - réponses
Année et maillot Nom du cycliste % Correct
2020 Jaune Pogacar
94%
2020 Blanc Pogacar
94%
2020 Pois Pogacar
94%
2015 Vert Sagan
93%
2016 Vert Sagan
93%
2018 Vert Sagan
93%
2019 Vert Sagan
93%
2015 Jaune Froome
92%
2015 Pois Froome
92%
2016 Jaune Froome
92%
2017 Jaune Froome
92%
2019 Jaune Bernal
86%
2019 Blanc Bernal
86%
2019 Pois Bardet
84%
2018 Jaune Thomas
84%
2018 Pois Alaphillipe
55%
2017 Pois Warren Barguil
55%
2015 Blanc Quintana
53%
2016 Blanc Adam Yates
49%
2017 Blanc Simon Yates
49%
2020 Vert Bennet
43%
2016 Pois Majka
43%
2017 Vert Matthews
42%
2018 Blanc Latour
37%
Aucun quiz correspondant
Distribution des résultats
% des personnes avec chaque résultat
Percentile par nombre de réponses
Votre historique - résultats
Vous n’avez pas pris ce quiz